| 000 | 01027nam0a22002291 4500 | ||
|---|---|---|---|
| 001 | rc\1157449 | ||
| 005 | 20260406113222.0 | ||
| 035 | _a(NLR Aleph) 006402257 | ||
| 090 |
_a5258468 _c5258468 |
||
| 100 | _a20041129d1980 |||y0rusy50 ca | ||
| 101 | 0 | _arus | |
| 102 | _aRU | ||
| 105 | _ay ||||||||| | ||
| 200 | 1 |
_aПолимерные клеи и жидкие прокладки _eНоменклатур. перечень _fГос. н.-и. и проект. ин-т полимер. клеев им. Э.Л. Тер-Газаряна, Отд-ние НИИ техн.-экон. исслед. (г. Черкассы) |
|
| 210 |
_aЧеркассы _cНИИТЭХИМ _d1980 |
||
| 215 |
_a25 с. _d28 |
||
| 712 | 0 | 2 |
_aНаучно-исследовательский и проектный институт полимерных клеев им. Э. Л. Тер-Газаряна _cКировакан _9290801 _3RU\NLR\AUTH\889140 |
| 801 | 0 |
_aRU _bNLR _gpsbo |
|
| 801 | 1 |
_aRU _bELAR _2rusmarc |
|
| 852 |
_aNLR _bПт _j44.4/134 |
||
| 942 | _cBOOK | ||
| 980 | _aNB | ||